Koneman's color atlas and textbook of diagnostic microbiology / (رقم التسجيلة. 26823)
[ عرض عادي ]
| 000 -الفاتح | |
|---|---|
| حقل البيانات ثابتة الطول | 03029cam a22004334a 4500 |
| 001 - رقم الضبط | |
| رقم الضبط | 13908443 |
| 003 - محدد رقم الضبط | |
| رقم الضبط | OSt |
| 005 - وقت وتاريخ اخر تعامل مع التسجيلة | |
| رقم الضبط | 20150408114110.0 |
| 008 - عناصر البيانات ثابتة الطول - معلومات عامة | |
| حقل البيانات ثابتة الطول | 050322s2006 pauaf b 001 0 eng |
| 010 ## - رقم ضبط مكتبة الكونجرس | |
| رقم ضبط مكتبة الكونجرس | 2005008049 |
| 016 7# - رقم ضبط الوكاله الوطنية للضبط الببليوجرافي | |
| رقم ضبط التسجيلة | 101244339 |
| المصدر | DNLM |
| 020 ## - الرقم الدولى المعيارى للكتب | |
| الرقم الدولى المعيارى للكتاب | 0781730147 |
| 020 ## - الرقم الدولى المعيارى للكتب | |
| الرقم الدولى المعيارى للكتاب | 9780781730143 |
| 035 ## - رقم ضبط النظام | |
| رقم ضبط النظام | (OCoLC)ocm58598402 |
| 040 ## - مصدر الفهرسة | |
| وكالة الفهرسة الأصلية | Ma-Un |
| 042 ## - رمز التحقق | |
| رمز التحقق | pcc |
| 050 00 - رقم طلب مكتبة الكونجرس | |
| رقم التصنيف | QR67 |
| رقم المادة | .C64 2006 |
| 060 00 - رقم الطلب بالمكتبة الطبية الوطنية | |
| رقم التصنيف | 2006 A-787 |
| 060 10 - رقم الطلب بالمكتبة الطبية الوطنية | |
| رقم التصنيف | QW 25 |
| رقم المادة | K816 2006 |
| 082 00 - رقم تصنيف ديوى العشرى | |
| رقم التصنيف | 616.9041 |
| رقم الطبعة | 22 |
| 245 00 - بيان العنوان | |
| العنوان | Koneman's color atlas and textbook of diagnostic microbiology / |
| بيان المسئوليه,etc | Washington C. Winn, Jr. ... [et al.]. |
| 246 30 - العنوان الموازى | |
| عنوان صحيح/عنوان مختصر | Color atlas and textbook of diagnostic microbiology |
| 250 ## - بيان الطبعة | |
| بيان الطبعة | 6th ed. |
| 260 ## - PUBLICATION, DISTRIBUTION, ETC. (IMPRINT) | |
| مكان الناشر او الموزع | Philadelphia : |
| اسم الناشر او الموزع | Lippincott Williams & Wilkins, |
| تاريخ النشر أو التوزيع | c2006. |
| 300 ## - الوصف المادى | |
| التعداد | xxxi, 1535, 30 p., [79] leaves of plates : |
| تفاصيل ماديه اخرى للوعاء | ill. (some col.) ; |
| أبعاد الوعاء | 29 cm. |
| 500 ## - تبصرة عامة | |
| تبصرة عامة | Rev. ed. of: Color atlas and textbook of diagnostic microbiology / Elmer W. Koneman ... [et al.]. 5th ed. c1997. |
| 504 ## - تبصرة ببليوجرافية | |
| تبصرة ببليوجرافية,الخ | Includes bibliographical references and index. |
| 505 0# - تبصرة محتويات-الفهرس | |
| تبصرة المحتويات المصاغة | Introduction to microbiology: part I : the role of the microbiology laboratory in the diagnosis of infectious diseases : guidelines to practice and management -- Introduction to microbiology: part II : guidelins for the collection, transport, processing, analysis, and reporting of cultures from specific specimen sources -- Laboratory diagnosis by immunologic methods -- Molecular microbiology -- Medical bacteriology: taxonomy, morphology, physiology, and virulence -- The enterobacteriaceae -- The nonfermentative gram-negative bacilli -- Curved gram-negative bacilli and oxidase-positive fermenters: campylobacteraceae and vibrionaceae -- Miscellaneous fastidious gram-negative bacilli -- Legionella -- Neisseria species and moraxella catarrhalis -- Gram-positive cocci: part I : staphylococci and related gram-positive cocci -- Gram-positive cocci: part II : streptococci, enterococci, and the "streptococcus-like" bacteria -- Aerobic and facultative gram-positive bacilli -- Aerobic actinomycetes -- The anaerobic bacteria -- Antimicrobial susceptibility testing -- Mycoplasmas and ureaplasmas -- Mycobacteria -- Spirochetal infections -- Mycology -- Parasitology -- Diagnosis of infections caused by viruses, chlamydia, rickettsia, and related organisms. |
| 650 #0 - المدخل الاضافى بالموضوع-مصطلح موضوعى | |
| مصطلح موضوعي أو اسم جغرافي كعنصر مدخل | Diagnostic microbiology |
| التقسيم الفرعي الشكلي | Atlases. |
| 9 (RLIN) | 19584 |
| 650 12 - المدخل الاضافى بالموضوع-مصطلح موضوعى | |
| مصطلح موضوعي أو اسم جغرافي كعنصر مدخل | Microbiology |
| التقسيم الفرعي الشكلي | Laboratory Manuals. |
| 9 (RLIN) | 6599 |
| 650 22 - المدخل الاضافى بالموضوع-مصطلح موضوعى | |
| مصطلح موضوعي أو اسم جغرافي كعنصر مدخل | Laboratory Techniques and Procedures. |
| 9 (RLIN) | 11026 |
| 700 1# - المدخل الاضافى - اسم شخصى | |
| الإسم الشخصى | Winn, Washington C. |
| 9 (RLIN) | 19585 |
| 700 1# - المدخل الاضافى - اسم شخصى | |
| الإسم الشخصى | Koneman, Elmer W., |
| التواريخ المصاحبة للاسم | 1932- |
| 9 (RLIN) | 19586 |
| 730 0# - المدخل الاضافى- عنوان موحد | |
| عنوان موحد | Color atlas and textbook of diagnostic microbiology. |
| 9 (RLIN) | 19587 |
| 856 42 - الوصول و الموقع الالكترونى | |
| مواد محددة | Publisher description |
| معرف المصدر الموحد | <a href="http://www.loc.gov/catdir/enhancements/fy0712/2005008049-d.html">http://www.loc.gov/catdir/enhancements/fy0712/2005008049-d.html</a> |
| 856 41 - الوصول و الموقع الالكترونى | |
| مواد محددة | Table of contents only |
| معرف المصدر الموحد | <a href="http://www.loc.gov/catdir/enhancements/fy0811/2005008049-t.html">http://www.loc.gov/catdir/enhancements/fy0811/2005008049-t.html</a> |
| 942 ## - عناصر المدخل الإضافي( كوها) | |
| مصدر التصنيف او مخطط الترفيف | Dewey Decimal Classification |
| Koha [default] item type | كتاب |
| حالة الفقد | نموذج السعر الفعال | حالة تلف | ليس للاعارة | رقم الطلب | رقم النسخة | تاريخ الاكتساب | الموقع الحالي | الباركود | الفرع الرئيسي | Date last seen | نوع المادة فى نظام كوها | مصدر التصنيف او خطة الترفيف | Total Checkouts | Date last checked out | مُعار |
|---|---|---|---|---|---|---|---|---|---|---|---|---|---|---|---|
| 2013-03-10 | 616.9041 KOC | n1 | 2013-01-13 | المكتبة المركزية بالمجمعة (CL) | 00450216 | المكتبة المركزية بالمجمعة (CL) | 2013-03-10 | كتاب | Dewey Decimal Classification | ||||||
| 2013-03-10 | 616.9041 KOC | n2 | 2013-01-13 | المكتبة المركزية بالمجمعة (CL) | 00450217 | المكتبة المركزية بالمجمعة (CL) | 2013-03-10 | كتاب | Dewey Decimal Classification | ||||||
| 2013-03-10 | 616.9041 KOC | n3 | 2013-01-13 | المكتبة المركزية بالمجمعة (CL) | 00450218 | المكتبة المركزية بالمجمعة (CL) | 2013-03-10 | كتاب | Dewey Decimal Classification | ||||||
| 2013-10-29 | 616.9041 | 2013-10-29 | مكتبة كلية العلوم الطبية التطبيقية بالمجمعة - طالبات (AMF) | 00402445 | مكتبة كلية العلوم الطبية التطبيقية بالمجمعة - طالبات (AMF) | 2025-01-28 | كتاب | Dewey Decimal Classification | 1 | 2025-01-28 | 2025-04-29 | ||||
| 2013-10-29 | 616.9041 | 2013-10-29 | مكتبة كلية العلوم الطبية التطبيقية بالمجمعة - طالبات (AMF) | 00402446 | مكتبة كلية العلوم الطبية التطبيقية بالمجمعة - طالبات (AMF) | 2025-01-13 | كتاب | Dewey Decimal Classification | 1 | 2023-01-10 | |||||
| 2013-10-29 | 616.9041 | 2013-10-29 | مكتبة كلية العلوم الطبية التطبيقية بالمجمعة - طالبات (AMF) | 00402447 | مكتبة كلية العلوم الطبية التطبيقية بالمجمعة - طالبات (AMF) | 2021-09-01 | كتاب | Dewey Decimal Classification | |||||||
| 2013-10-29 | 616.9041 | 2013-10-29 | مكتبة مجمع الكليات بالزلفى - طلاب (SZM) | 00402443 | مكتبة مجمع الكليات بالزلفى - طلاب (SZM) | 2014-03-09 | كتاب | Dewey Decimal Classification | 1 | 2014-02-20 | |||||
| 2013-10-29 | 616.9041 | 2013-10-29 | مكتبة مجمع الكليات بالزلفى - طلاب (SZM) | 00402444 | مكتبة مجمع الكليات بالزلفى - طلاب (SZM) | 2017-05-23 | كتاب | Dewey Decimal Classification | 1 | 2017-03-28 |
